Normal view
MARC view
Entry Topical Term
001 - CONTROL NUMBER
- control field: 26471
003 - CONTROL NUMBER IDENTIFIER
- control field: OSt
005 - DATE AND TIME OF LATEST TRANSACTION
- control field: 20231019133843.0
008 - FIXED-LENGTH DATA ELEMENTS
- fixed length control field: 231019|| aca||aabn | a|a d
040 ## - CATALOGING SOURCE
- Original cataloging agency: OSt
- Transcribing agency: OSt
150 ## - HEADING--TOPICAL TERM
- Topical term or geographic name entry element: Time travel
- Form subdivision: Fiction.
670 ## - SOURCE DATA FOUND
- Source citation: Work cat.: (OSt): El-Mohtar, Amal. 26470, This is how you lose the time war /, 2019.